000 00954nas a2200313 4500
001 BR2013006251
003 BR-BrBNA
005 20231205122751.0
007 ta
008 230509b bl.|||p| |||| 00| 00por d
040 _aBR-BrBNA
_bpor
_cBiblioteca Nacional de Agricultura
041 _a(Pt)
072 _aJ11
100 1 _aRestello, R.M.
100 1 _aMenegatt, C.
100 1 _aMossi, A.J.
245 1 _aEfeito do óleo essencial de Tagetes patula L. (Asteraceae)sobre Sitophilus zeamais Motschulsky (Coleoptera, Curculionidae)
650 _aÓLEO ESSENCIAL
650 _aTAGETIS PATULA
650 _aREPELENTE
650 _aGORGULHO
650 _aMILHO
650 _aEFEITO RESIDUAL
650 _aGRÃO
650 _aARMAZENAMENTO
773 0 _tRevista Brasileira de Entomologia (Brazil)
_xISSN 0085-5626
_g(Apr-Jun 2009), v. 53(2) p. 304-307
_wBR2013006251
909 _a202311
_bLúcia
_c55
_dLúcia Elande
942 _2AGRIS
_n0
_cANA
999 _c230450
_d230450